Meranie parametrov kvality služieb v TCP/IP sieťach

Salvato in:
Dettagli Bibliografici
Autore principale: Angelovič, Stanislav, 1984- (Autore)
Altri autori: Kotočová, Margaréta, 1951- (Relatore della tesi)
Natura: Manoscritto Libro
Lingua:slovacco
Pubblicazione: Bratislava : STU v Bratislave FIIT, 2008
Soggetti:
Tags: Aggiungi Tag
Nessun Tag, puoi essere il primo ad aggiungerne!!

MARC

LEADER 00000ntm a22000003a 4500
001 stu166231
005 20180412124519.1
008 080702s2008----xo------------------slo-d
040 |a STU  |b slo 
041 0 |a slo 
044 |a xo 
100 1 |a Angelovič, Stanislav,  |d 1984-  |4 aut  |X 30440  |7 A000030440 
245 1 |a Meranie parametrov kvality služieb v TCP/IP sieťach 
260 |a Bratislava :  |b STU v Bratislave FIIT,  |c 2008 
300 |a 85 s  |c príl. 
650 7 |a počítačové inžinierstvo  |2 stusub 
700 1 |a Kotočová, Margaréta,  |d 1951-  |4 ths  |u I100  |U FIIT Fakulta informatiky a informačných technológií  |T FIIT Ústav počítačových systémov a sietí  |X 2014  |U I100  |Y 178  |7 A000002014 
996 |c I*DP2/08  |l II680  |s P  |a 0  |w stu166231_0001